Touhou Characters in Alphabetical Order - Statistics

General Stats
  • This quiz has been taken 87 times
    32 since last reset
  • The average score is 44 of 162
Answer Stats
Hint Answer % Correct
MS/PCB Alice Margatroid
94%
PoFV Aya Shameimaru
81%
HSiFS Aunn Komano
75%
DDC Benben Tsukumo
69%
UFO Byakuren Hijiri
69%
PCB Chen
69%
EoSD Cirno
63%
LoLK Clownpiece
63%
EoSD Daiyousei
63%
PoFV Eiki Shiki, Yamaxanadu
63%
IN Eirin Yagokoro
63%
EoSD Flandre Scarlet
63%
LoLK Doremy Sweet
56%
IN Fujiwara no Mokou
56%
MoF Hina Kagiyama
56%
EoSD Hong Meiling
56%
LoLK Junko
56%
IN Kaguya Houraisan
56%
MoF Kanako Yasaka
56%
IN Keine Kamishirasawa
56%
EoSD Koakuma
56%
PoFV Komachi Onozuka
56%
PCB Letty Whiterock
56%
FW Ariya Iwanaga
50%
UM Chimata Tenkyuu
50%
UDoALG Chiyari Tenkajin
50%
WBaWC Eika Ebisu
50%
HRtP Elis
50%
HSiFS Eternity Larva
50%
LoLK Hecatia Lapislazuli
50%
UFO Ichirin Kumoi
50%
WBaWC Keiki Haniyasushin
50%
UFO Kogasa Tatara
50%
SA Koishi Komeiji
50%
PCB Lily White
50%
FW Chimi Houjuu
44%
PoDD Ellen
44%
LLS Elly
44%
UDoALG Enoko Mitsugashira
44%
DS Hatate Himekaidou
44%
SWR Iku Nagae
44%
DDC Kagerou Imaizumi
44%
SA Kisume
44%
HRtP Konngara
44%
WBaWC Kutaka Niwatari
44%
PCB Lunasa Prismriver
44%
PCB Lyrica Prismriver
44%
PoDD Chiyuri Kitashirakawa
38%
LLS Gengetsu
38%
HM Hata no Kokoro
38%
Print Works Hieda no Akyuu
38%
AoCF Joon Yorigami
38%
PoDD Kana Anaberal
38%
HRtP Kikuri
38%
Print Works Kosuzu Motoori
38%
TD Kyouko Kasodani
38%
UDoALG Hisami Yomotsu
31%
Print Works Kasen Ibaraki
31%
PoDD Kotohime
31%
LLS Kurumi
31%
MS Louise
31%
Print Works Luna Child
25%
SoEW/EoSD Marisa Kirisame
25%
PCB Merlin Prismriver
25%
MoF Momiji Inubashiri
25%
FW Nareko Michigami
25%
UFO Nazrin
25%
FW Nina Watari
25%
MoF Nitori Kawashiro
25%
UFO Nue Houjuu
25%
IN Reisen U. Inaba
25%
EoSD Remilia Scarlet
25%
PCB Yukari Yakumo
25%
HSiFS Mai Teireida
19%
PoFV Medicine Melancholy
19%
UFO Minamitsu Murasa
19%
MoF Minoriko Aki
19%
TD Mononobe no Futo
19%
IN Mystia Lorelei
19%
HSiFS Narumi Yatadera
19%
HSiFS Nemuno Sakata
19%
HSiFS Okina Matara
19%
SA Parsee Mizuhashi
19%
EoSD Patchouli Knowledge
19%
PCB Ran Yakumo
19%
HRtP/EoSD Reimu Hakurei
19%
SA Rin Kaenbyou
19%
EoSD Rumia
19%
LoLK Sagume Kishin
19%
IN Wriggle Nightbug
19%
SA Yamame Kurodani
19%
SA Yuugi Hoshiguma
19%
LLS/PoFV Yuuka Kazami
19%
PCB Yuyuko Saigyouji
19%
MS Mai
13%
TD Mamizou Futatsuwia
13%
Print Works Maribel Hearn
13%
WBaWC Mayumi Joutougoo
13%
UM Megumu Iizunamaru
13%
SoEW Meira
13%
UM Mike Goutokuji
13%
HRtP Mima
13%
UM Misumaru Tamatsukuri
13%
Print Works Miyoi Okunoda
13%
Print Works Mizuchi Miyadeguchi
13%
UM Momoyo Himemushi
13%
LLS Mugetsu
13%
LLS Orange
13%
DDC Raiko Horikawa
13%
Print Works Rei'sen
13%
SoEW Rika
13%
LoLK Ringo
13%
EoSD Sakuya Izayoi
13%
MoF Sanae Kochiya
13%
HRtP Sariel
13%
SA Satori Komeiji
13%
LoLK Seiran
13%
HRtP SinGyoku
13%
UDoALG Son Biten
13%
IaMP Suika Ibuki
13%
MoF Suwako Moriya
13%
IN Tewi Inaba
13%
SA Utsuho Reiuji
13%
Print Works Watatsuki no Yorihime
13%
WBaWC Yachie Kicchou
13%
PCB Youmu Konpaku
13%
FW Yuiman Asama
13%
HRtP YuugenMagan
13%
UDoALG Zanmu Nippaku
13%
Print Works Renko Usami
6%
PoDD Rikako Asakura
6%
Print Works Rinnosuke Morichika
6%
WBaWC Saki Kurokoma
6%
UM Sannyo Komakusa
6%
MS Sara
6%
HSiFS Satono Nishida
6%
TD Seiga Kaku
6%
DDC Seija Kijin
6%
DDC Sekibanki
6%
MS Shinki
6%
DDC Shinmyoumaru Sukuna
6%
AoCF Shion Yorigami
6%
MoF Shizuha Aki
6%
UFO Shou Toramaru
6%
TD Soga no Tojiko
6%
ULiL Sumireko Usami
6%
UM Takane Yamashiro
6%
SWR Tenshi Hinanawi
6%
TD Toyosatomimi no Miko
6%
UM Tsukasa Kudamaki
6%
FW Ubame Chirizuka
6%
WBaWC Urumi Ushizaki
6%
DDC Wakasagihime
6%
Print Works Watatsuki no Toyohime
6%
DDC Yatsuhashi Tsukumo
6%
TD Yoshika Miyako
6%
MS Yuki
6%
MS Yumeko
6%
PoDD Yumemi Okazaki
6%
SFW Yuuma Toutetsu
6%
Print Works Star Sapphire
0%
Print Works Sunny Milk
0%
No matching quizzes found
Score Distribution
Percent of People with Each Score
Percentile by Number Answered
Your Score History
You have not taken this quiz since the last reset